| 000 | 00941nas a2200277 4500 | ||
|---|---|---|---|
| 001 | BR8600489 | ||
| 003 | BR-BrBNA | ||
| 005 | 20231205090326.0 | ||
| 007 | ta | ||
| 008 | 230509b bl.|||p| |||| 00| 00por d | ||
| 040 |
_aBR-BrBNA _bpor _cBiblioteca Nacional de Agricultura |
||
| 041 | _a(Pt) | ||
| 072 | _aL73 | ||
| 100 | 1 | _aPereira, J.J. | |
| 100 | 1 | _aNascimento, E.F. do | |
| 100 | 1 | _aChquiloff, M.A. de G. | |
| 245 | 1 | _aAlteracoes testiculares e epididimarias em suinos, 2: orquite, epididimite e granuloma espermatico | |
| 246 | 1 | _aTesticular and epididymal alterations in swine: 2. Orchitis, epididymitis and granuloma | |
| 650 | _aSUÍNO | ||
| 650 | _aORQUITE | ||
| 650 | _aEPIDIDIMITE | ||
| 650 | _aTESTICULO | ||
| 773 | 0 |
_tArquivo Brasileiro de Medicina Veterinaria e Zootecnia (Brazil) _xISSN 0102-0935 _g(Dec 1984), v. 36(6) p. 659-666 _wBR8600489 |
|
| 909 |
_a202311 _bLúcia _c55 _dLúcia Elande |
||
| 942 |
_2AGRIS _n0 _cANA |
||
| 999 |
_c117626 _d117626 |
||